02576nam a2200301 i 4500003000900000005001700009007000300026008004100029020001800070040003000088041000800118082001800126100004800144245020800192264012900400300007300529336002700602337003300629338002800662520127700690700004301967700004102010700004102051700004002092700004202132700003902174710006102213DO-SdBNP20250715125412.0ta250711b2025 dr abcd| |||| 00| 0 spa d a9789945293579 aDO-SdBNPbspacBNPHUerda aspa 4axxxbM4332221 aHernández, Domingo Matías,eautor4aut.10aBalance al sistema municipal dominicano :b2020-2024 /cDomingo Matías Hernández ; colaboradores, Pedro Hernández, Horacio Medrano, Franklin Santos, Ileana Polanco, Esthefani Sirett, Manuel Parras. 1aSanto Domingo, República Dominicana : bForo Municipalistas,bFundación Solidaridad, bCEPAE,bEditora Búho,c[2025]. a50 páginas :bilustraciones, mapas, gráficas, retratos ;c22 cm. atextobtxt2rdacontent asin mediaciónbn2rdamedia avolumenbnc2rdacarrier a Balance Municipal 2020-2024, es una publicación de Domingo Matías, un experimentado municipalista y sociólogo con más de una década analizando la gestión de los gobiernos locales en la República Dominicana desde 2010. Este balance sumario del periodo 2020-2024 ofrece una rica perspectiva analítica y datos relevantes sobre temas trascendentales como los procesos electorales municipales (2020 y 2024), el impacto del COVID-19 en los municipios, las reformas legales, el desempeño de los gobiernos locales, la territorialización de políticas públicas y la participación de la sociedad civil. Con una trayectoria como activista en defensa de los derechos comunitarios y promotor de la descentralización, Domingo Matías aporta un conocimiento profundo del sistema municipal dominicano. Su análisis se centra en las estrategias desarrolladas y el funcionamiento global de las entidades rectoras, ofreciendo valiosas reflexiones para autoridades, técnicos municipales, políticos y activistas sociales interesados en el fortalecimiento institucional y el desarrollo local. Esta publicación se erige como un recurso inestimable para comprender los avances, estancamientos y retrocesos de la municipalidad dominicana en un periodo crucial.1 aHernández, Pedro ecolaborador4col.1 aMedrano, Horacio ecolaborador4col.1 aSantos, Franklin ecolaborador4col.1 aPolanco, Ileana ecolaborador4col.1 aSirett, Esthefani ecolaborador4col.1 aParras, Manuel ecolaborador4col.1 aCentro de Planificación y Acciòn Ecuménica (CEPAE)